| 000 | 00468nam a2200181Ia 4500 | ||
|---|---|---|---|
| 008 | 160319s9999 xx 000 0 und d | ||
| 245 | _aHello Kitty: | ||
| 245 | _bMom loves me after all / | ||
| 245 | _cSanrio Co., Ltd. | ||
| 260 | _aVan Nuys, Calif.: | ||
| 260 | _bFamily Home Entertainment, | ||
| 260 | _cNA | ||
| 300 | _a1 video disc : | ||
| 300 | _bsound, colored ; | ||
| 300 | _c4 3/4 in. | ||
| 650 | _aAnimated films. | ||
| 650 | _aChildren's films. | ||
| 999 |
_c292689 _d292689 |
||